Why Americans don't vote /

Bibliographic Details
Main Author: Piven, Frances Fox
Other Authors: Cloward, Richard A.
Format: Book
Language:English
Published: New York : Pantheon Books, [1988]
Edition:1st ed.
Subjects:

MARC

Tag First Indicator Second Indicator Subfields
LEADER 00000cam a2200000 a 4500
001 in00000030330
005 20151007060303.0
008 871019s1988 nyu b 00110 eng
010 |a  87043012  
020 |a 0394553969 
020 |a 0394755499 (pbk.) 
035 |a (OCoLC)16925282 
035 |9 AAC0496AM 
040 |a DLC  |c DLC  |d TXA  |d UtOrBLW 
043 |a n-us--- 
049 |a TXAM  |c [A10937921] 
050 0 0 |a JK1987  |b .P58 1988 
082 0 |a 324.973  |2 19 
100 1 |a Piven, Frances Fox. 
245 1 0 |a Why Americans don't vote /  |c Frances Fox Piven and Richard A. Cloward. 
250 |a 1st ed. 
264 1 |a New York :  |b Pantheon Books,  |c [1988] 
264 4 |c ©1988 
300 |a xvii, 325 pages ;  |c 22 cm. 
336 |a text  |b txt  |2 rdacontent 
337 |a unmediated  |b n  |2 rdamedia 
338 |a volume  |b nc  |2 rdacarrier 
504 |a Bibliography: pages [291]-312. 
500 |a Includes index. 
650 0 |a Voting  |z United States  |x Abstention. 
650 0 |a Poor  |z United States  |x Political activity. 
650 0 |a Voter registration  |z United States. 
700 1 |a Cloward, Richard A. 
999 |a MARS 
999 f f |s 6641c7eb-cdb3-3817-9924-d0fa3d8fc39a  |i b1c13cd2-14c1-3ea3-846f-129220245bf1  |t 0 
952 f f |p ric  |a Texas A&M University  |b Rellis Campus  |c Joint Library Facility  |d Remote Storage  |t 0  |e JK1987 .P58 1988  |h Library of Congress classification  |i unmediated -- volume  |m A14810937921 
998 f f |a JK1987 .P58 1988  |t 0  |l Remote Storage